000 00538nam a22001937a 4500
001 BT-PhCST
003 OSt
005 20190204170835.0
008 141022b xxu||||| |||| 00| 0 eng d
020 _a9788126504992
040 _aBT-PhCST
_cBT-PhCST
_dBT-PhCST
050 _a005.72
082 _222
_a005.72
100 _aNagappan, Ramesh; Skoczylas, Robert and Sriganesh, Rima Patel.
245 _aDeveloping java web services /
260 _aNA,
_bWiley India,
_cc2014.
300 _axx, 758 p. ;
_bill. ;
_c24 cm.
942 _2ddc
_cIT
_012
999 _c5149
_d5149